000
00305nam a22001217a 4500
008
230718b xxu||||| |||| 00| 0 eng d
020
_a
9789966022141
082
_a
920
_b
KOI
245
_a
Through My African Eyes
_c
Jeff Koinange
260
_a
Kenya
_b
Jeff Koinange
_c
2014
300
_a
253 p
942
_2
ddc
_c
BK
999
_c
3987
_d
3987